Responses for show #5917 - Tuesday, May 11, 2010

2010 Tournament of Champions quarterfinal game 2.

Contestants

Nick Yozamp, a biology student from St. Cloud, Minnesota

Stephen Weingarten, a stay-at-home dad from Portland, Oregon

Terry Linwood, a bookseller from North Texas

Jeopardy! Round responses

WHO'S YOUR DADDY COMPANY
DO PROCESS
PAINTINGS
THE "ODD" SQUAD
CHIEF JUSTICES
A PRO BONO CATEGORY
    $200 23
Hasbro

Terry
    $200 18
a penalty kick

Stephen
    $200 9
Whistler

Stephen
    $200 6
an oddsmaker

Terry
    $200 8
Rehnquist

Stephen
    $200 1
a knight

Terry
    $400 24
Kraft

Nick
    $400 19
(Stephen: What is a header?)

a letterhead

Stephen
Triple Stumper
    $400 10
Georgia O'Keeffe

Triple Stumper
    $400 7
a toddy

Nick
    $400 12
(William) Taft

Terry
    $400 2
Peace

Terry
    $600 25
Whirlpool

Triple Stumper
    $600 20
a Cadillac margarita

Triple Stumper
    $600 28
(Stephen: What is Barcelona?)
(Terry: What is Toledo?)
...
(Alex: There's only one major city left, really... [*].)

Madrid

TerryStephen
Triple Stumper
    $600 11
Roddy

Terry
    $3,200 13
Earl Warren

Terry
    $600 3
Philadelphia

Terry
    $800 26
Pepsi

Nick
    $800 21
a french braid

Nick
    $800 29
Manet

Nick
    $800 16
(Stephen: What is goddess?
Alex: Be more specific
Stephen: What is [*])

green goddess

Stephen
    $800 14
Roger B. Taney

Nick
    $800 4
(Stephen: What is the Senate?)

Congress

TerryStephen
    $1000 27
Time-Warner

Terry
    $1000 22
67

Terry
    $1000 30
Paul Cezanne

Triple Stumper
    $1000 17
shoddy

Nick
    $1000 15
Warren Burger

Nick
    $1000 5
of Honor

Stephen

Scores at the first commercial break (after clue 15):

Terry Stephen Nick
$6,400 $600 $2,200

Scores at the end of the Jeopardy! Round:

Terry Stephen Nick
$8,000 $600 $6,000

Double Jeopardy! Round responses

FLOWERY PROSE
HITCHCOCK MOVIE QUOTES
SOMETIMES A GREAT OCEAN
WHO DIED & MADE YOU KING?
(Alex: We'll tell you who died; you name the successor.)
THE NEW YORK TIMES HOME & GARDEN
"WA"?
    $400 19
Daisy Miller

Nick
    $400 14
The Birds

Stephen
    $400 8
the Indian Ocean

Stephen
    $400 2
King Tut

Triple Stumper
    $400 22
rugs

Terry
    $400 1
waddle

Terry
    $800 27
The Black Dahlia

Nick
    $800 15
Psycho

Terry
    $800 9
North America

Nick
    $800 3
Tigranes IV

Nick
    $800 23
feng shui

Terry
    $800 4
the Wabash

Nick
    $1200 28
Man-in-the-Moon Marigolds

Stephen
    $1200 16
Rebecca

Terry
    $1200 13
(Stephen: What is South Dakota?)

Kansas

TerryStephen
    $1200 10
Charlemagne

Nick
    $1200 24
bedbugs

Stephen
    $1200 5
wahine

Triple Stumper
    $8,200 29
The Name of the Rose

Stephen
    $1600 17
Lifeboat

Terry
    $1600 20
a plesiosaur

Stephen
    $1600 11
George V

Terry
    $1600 25
a kitchen garden

Triple Stumper
    $1600 6
Wallachia

Nick
    $2000 30
The Orchid Thief

Terry
    $4,200 18
Strangers on a Train

Terry
    $2000 21
Gondwana

Stephen
    $2000 12
Victor Emmanuel

Nick
    $2000 26
mulch

Stephen
    $2000 7
a wadi

Nick

Scores at the end of the Double Jeopardy! Round:

Terry Stephen Nick
$22,200 $16,400 $16,400

Final Jeopardy! Round responses

WORDS IN THE BIBLE
NickWhat are honor & ...?
$0
StephenWhat is love and lover?
$16,350
TerryWhat is be good?
$250
leave & cleave

Final scores:

Terry Stephen Nick
$21,950 $50 $16,400
Automatic semifinalist 3rd place: $5,000 if eliminated 2nd place: $5,000 if eliminated

Game dynamics:

Coryat scores:

Terry Stephen Nick
$17,400 $9,800 $16,400
21 R
(including 2 DDs),
1 W
13 R
(including 1 DD),
4 W
17 R,
0 W

Combined Coryat: $43,600

The J! Archive is created by fans, for fans. The Jeopardy! game show and all elements thereof, including but not limited to copyright and trademark thereto, are the property of Jeopardy Productions, Inc. and are protected under law. This website is not affiliated with, sponsored by, or operated by Jeopardy Productions, Inc. Join the discussion at JBoard.tv.